000 00632nam a22002177a 4500
003 UA-OsUOA
001 74857
007 ta
008 20110418b un ||||| |||| 00| 0 ukr d
100 _aСоколова З.
090 _a330(477)
_bС59
942 _cSA
040 _aUA-OsUOA
_bukr
_cUA-OsUOA
_dUA-OsUOA
245 _aПрогнозна оцінка диверсифікації українського експорту до країн Західної Африки
300 _aС.67-77
955 _a0
041 _aukr
080 _a330(477)
773 0 _w74854
650 7 _a330 Економіка взагалі
_2UDC
999 _c361149
_d361149